000 00303nam a22001337a 4500
008 170314b xxu||||| |||| 00| 0 eng d
020 _a0387100962
041 _aeng
080 _a591
100 _a7
101 _aSHM
245 _aMANUAL OF INTERNAL FIXATION IN THE HORSE
_cFACKELMAN
942 _2udc
_cBK
999 _c7778
_d7778